BIBLIOTECA PODER JUDICIAL
Portal Judicial TDF

La compra, venta o alquiler de partes del cuerpo humano : (Registro nro. 5284)

000 -LEADER
fixed length control field 01326nab a22002417a 4500
003 - CONTROL NUMBER IDENTIFIER
control field OSt
005 - DATE AND TIME OF LATEST TRANSACTION
control field 20250213131540.0
008 - FIXED-LENGTH DATA ELEMENTS--GENERAL INFORMATION
fixed length control field 190604e xxu||||| |||| 00| 0 spa d
040 ## - CATALOGING SOURCE
Transcribing agency PJ
100 ## - MAIN ENTRY--PERSONAL NAME
9 (RLIN) 6280
Personal name Palma, Mariano
245 13 - TITLE STATEMENT
Title La compra, venta o alquiler de partes del cuerpo humano :
Remainder of title ¿establece una relación de consumo? /
Statement of responsibility, etc Mariano Palma.
260 ## - PUBLICATION, DISTRIBUTION, ETC. (IMPRINT)
Place of publication, distribution, etc Ciudad Autónoma de Buenos Aires :
Name of publisher, distributor, etc Thomson Reuters La Ley,
Date of publication, distribution, etc 2025.
300 ## - PHYSICAL DESCRIPTION
Extent p. 211-216
500 ## - GENERAL NOTE
General note Cita Online: LA LEY AR/DOC/2085/2024.
505 ## - FORMATTED CONTENTS NOTE
Formatted contents note Sumario: I. Introducción.— II. El art. 17 Cód. Civ. y Com. y las limitaciones que impone, ¿son efectivas en la realidad?— III. El caso de la enajenación de cabellos.— IV. La extracción de objetos incorporados al cuerpo y su posterior enajenación.— V. El alquiler de vientres como una relación de consumo.— VI. Conclusiones.<br/>
505 ## - FORMATTED CONTENTS NOTE
Title ¿Te interesa el texto completo? Solicitalo al correo: koha@justierradelfuego.gov.ar<br/>
650 #0 - SUBJECT ADDED ENTRY--TOPICAL TERM
Topical term or geographic name as entry element DERECHO A LA DIGNIDAD
9 (RLIN) 4051
650 #0 - SUBJECT ADDED ENTRY--TOPICAL TERM
Topical term or geographic name as entry element CODIGO CIVIL Y COMERCIAL
9 (RLIN) 1497
650 #0 - SUBJECT ADDED ENTRY--TOPICAL TERM
Topical term or geographic name as entry element RELACION DE CONSUMO
9 (RLIN) 4552
650 #0 - SUBJECT ADDED ENTRY--TOPICAL TERM
Topical term or geographic name as entry element DEFENSA DEL CONSUMIDOR
9 (RLIN) 2597
773 0# - HOST ITEM ENTRY
Host Biblionumber 2714
Host Itemnumber 3171
Place, publisher, and date of publication Ciudad Autónoma de Buenos Aires : Thomson Reuters La Ley, 2014-
Title Revista anales de legislación argentina. Nº 2 - Febrero 2025.
942 ## - ADDED ENTRY ELEMENTS (KOHA)
Source of classification or shelving scheme
Koha item type Analítica Artículo de Revista

No hay ítems disponibles.

12 de Octubre 789 Ushuaia - Tel:  54(02901)441571
Horario de Atención: 8.00 a 17.00 hs. 
bibliotecaush@justierradelfuego.gov.ar
koha@justierradelfuego.gov.ar
Seguinos en nuestras redes @bibliojustdf 

Con tecnología Koha